Regional Cities and City Regions in Rural Australia A Long-Term Demographic Perspective /

The book examines the extent to which the sustained population growth of Australia's heartland regional centres has come at the expense of demographic decline in their own hinterlands, and, ultimately, of their entire regions. It presents a longitudinal study, over the period 1947-2011, of the...

Πλήρης περιγραφή

Λεπτομέρειες βιβλιογραφικής εγγραφής
Κύριοι συγγραφείς: Smailes, Peter John (Συγγραφέας, http://id.loc.gov/vocabulary/relators/aut), Griffin, Trevor Louis Charles (http://id.loc.gov/vocabulary/relators/aut), Argent, Neil Michael (http://id.loc.gov/vocabulary/relators/aut)
Συγγραφή απο Οργανισμό/Αρχή: SpringerLink (Online service)
Μορφή: Ηλεκτρονική πηγή Ηλ. βιβλίο
Γλώσσα:English
Έκδοση: Singapore : Springer Singapore : Imprint: Springer, 2019.
Έκδοση:1st ed. 2019.
Σειρά:SpringerBriefs in Population Studies,
Θέματα:
Διαθέσιμο Online:Full Text via HEAL-Link
LEADER 04654nam a2200565 4500
001 978-981-13-1111-6
003 DE-He213
005 20191027142634.0
007 cr nn 008mamaa
008 180716s2019 si | s |||| 0|eng d
020 |a 9789811311116  |9 978-981-13-1111-6 
024 7 |a 10.1007/978-981-13-1111-6  |2 doi 
040 |d GrThAP 
050 4 |a HB848-3697 
072 7 |a JHBD  |2 bicssc 
072 7 |a SOC006000  |2 bisacsh 
072 7 |a JHBD  |2 thema 
082 0 4 |a 304.6  |2 23 
100 1 |a Smailes, Peter John.  |e author.  |4 aut  |4 http://id.loc.gov/vocabulary/relators/aut 
245 1 0 |a Regional Cities and City Regions in Rural Australia  |h [electronic resource] :  |b A Long-Term Demographic Perspective /  |c by Peter John Smailes, Trevor Louis Charles Griffin, Neil Michael Argent. 
250 |a 1st ed. 2019. 
264 1 |a Singapore :  |b Springer Singapore :  |b Imprint: Springer,  |c 2019. 
300 |a XIV, 119 p. 29 illus.  |b online resource. 
336 |a text  |b txt  |2 rdacontent 
337 |a computer  |b c  |2 rdamedia 
338 |a online resource  |b cr  |2 rdacarrier 
347 |a text file  |b PDF  |2 rda 
490 1 |a SpringerBriefs in Population Studies,  |x 2211-3215 
505 0 |a Chapter 1. Introduction -- Chapter 2. The six centres and their regions -- Chapter 3. Overview of total population change, 1947-2011 -- Chapter 4. Economic, environmental and demographic change, 1981-2011 -- Chapter 5. Structural ageing and long-term survival 1: major drivers of ageing -- Chapter 6. Structural ageing and long-term survival 2: measures, processes, status -- Chapter 7. A downward demographic spiral: predictable and inexorable? -- Chapter 8. Stop press: some indications from the 2016 Census -- Chapter 9. A summary of findings and their wider applicability -- Chapter 10. Implications for regional research and development I: three key research fields -- Chapter 11. Implications for regional research and development II: Australian regional policy -- Chapter 12. Some final observations. 
520 |a The book examines the extent to which the sustained population growth of Australia's heartland regional centres has come at the expense of demographic decline in their own hinterlands, and, ultimately, of their entire regions. It presents a longitudinal study, over the period 1947-2011, of the extensive functional regions centred on six rapidly growing non-metropolitan cities in south-eastern Australia, emphasising rapid change since 1981. The selected cities are dominantly service centres in either inland or remote coastal agricultural settings. The book shows how intensified age-specific migration and structural ageing arising from macro-economic reforms in the 1980s fundamentally changed the economic and demographic landscapes of the case study regions. It traces the demographic consequences of the change from a relative balance between central city, minor urban centres and dispersed rural population within each functional region in 1947, to one of extreme central city dominance by 2011, and examines the long-term implications of these changes for regional policy. The book constitutes the first in-depth longitudinal study over the entire post-WWII period of a varied group of Australian regional cities and their hinterlands, defined in terms of functional regions. It employs a novel set of indices which combine numerical and visual expression to measure the structural ageing process. 
650 0 |a Demography. 
650 0 |a Sociology, Urban. 
650 0 |a Population. 
650 0 |a Aging. 
650 0 |a Emigration and immigration. 
650 1 4 |a Demography.  |0 http://scigraph.springernature.com/things/product-market-codes/X25000 
650 2 4 |a Urban Studies/Sociology.  |0 http://scigraph.springernature.com/things/product-market-codes/X22250 
650 2 4 |a Population Economics.  |0 http://scigraph.springernature.com/things/product-market-codes/W38000 
650 2 4 |a Aging.  |0 http://scigraph.springernature.com/things/product-market-codes/X11000 
650 2 4 |a Migration.  |0 http://scigraph.springernature.com/things/product-market-codes/X24000 
700 1 |a Griffin, Trevor Louis Charles.  |e author.  |4 aut  |4 http://id.loc.gov/vocabulary/relators/aut 
700 1 |a Argent, Neil Michael.  |e author.  |4 aut  |4 http://id.loc.gov/vocabulary/relators/aut 
710 2 |a SpringerLink (Online service) 
773 0 |t Springer eBooks 
776 0 8 |i Printed edition:  |z 9789811311109 
776 0 8 |i Printed edition:  |z 9789811311123 
830 0 |a SpringerBriefs in Population Studies,  |x 2211-3215 
856 4 0 |u https://doi.org/10.1007/978-981-13-1111-6  |z Full Text via HEAL-Link 
912 |a ZDB-2-SLS 
950 |a Social Sciences (Springer-41176)